000 01664nam a2200373 a 4500
001 000020382
003 DO-SdBNP
005 20180309113721.0
007 000020382
008 150130s2012 dr ac 000 0 spa d
020 _a9789945116373
040 _aBPMSU
_bspa
_cBPMSU
092 _a372.7
_bS237m, 8vo.
100 1 _aSantos, Altagracia
245 1 0 _aMatemáticas 8 :
_beducación básica /
_cAltagracia Santos; Andrés Molina Moloon
260 _aSanto Domingo :
_bSantillana,
_c2012
300 _a2 v. :
_bil., retrs.
_c30 cm. +
_eCD-ROM
490 1 _aInnova
505 0 _gv. 1. -
_tLibro texto
505 0 _gv. 2 -
_tGuía recursos didácticos para el profesorado --
_tLos números racionales --
_tOperaciones con números racionales --
_tPotencias y raíces --
_tLos números reales --
_tEl lenguaje del álgebra --
_tLa función polinómica --
_tEcuaciones del primer grado --
_tInecuaciones de primer grado --
_tMétrica del plano cartesiano --
_tTransformaciones geométricas --
_tÁreas y volúmenes, I --
_tÁreas y volúmenes, II --
_tEstadística y probabilidades --
650 4 _aMATEMÁTICAS
_xENSEÑANZA BÁSICA
650 4 _aMATEMÁTICAS
_xENSEÑANZA ELEMENTAL
650 4 _aEDUCACIÓN PRIMARIA
_zREPÚBLICA DOMINICANA
650 4 _aMATEMÁTICAS
_zLIBROS DE TEXTOS
650 4 _aMATEMÁTICAS
_xESTUDIOS Y EJERCICIOS
700 _aMolina Moloon, Andrés
830 0 _aInnova
910 _aValidado. Control de calidad MFF
942 _2ddc
_cBK
945 _aRemanejado para BNPHU / 2018 BT
956 _aDGARCIA
_b10
_c20150702
_lBND01
_h0937
956 _aYLOCKWARD
_b10
_c20150703
_lBND01
_h0946
956 _aVMATEO
_b10
_c20150707
_lBPMSU
_h00151
999 _c9467
_d9467